00346 a2200109 4500001000700000020000600007040001100013100005400024240007700078245007200155362000900227171114 a  cMagnum aBanco de Desenvolvimento de Minas Gerais S.d/bdmg10aMinas gerais do seculo xxi/v.5 - consolidando posicoes na mineracaolpor10aMinas gerais do seculo xxi/v.5 - consolidando posicoes na mineracao0 a1899